000 00309nam a2200121Ia 4500
008 220204s9999 xx 000 0 und d
082 _a07.011
_bARJ;1
100 _aArjman Chand Goel
245 0 _aTheory and practice of composition
250 _a2
260 _aChandigarh
_bIshvar Chander
_c1964
942 _cBK
999 _c39613
_d39613